[Event "FIDE WCCC U12 2018"]
[Site "Santiago de Compostela"]
[Date "2018.11.07"]
[Round "3"]
[White "Gukesh D"]
[Black "Yoon, Jacob D"]
[Result "1-0"]
[WhiteElo "2457"]
[BlackElo "2048"]
[Annotator "TA"]
[PlyCount "61"]
[EventDate "2018.11.04"]
[EventType "swiss"]
[EventCountry "ESP"]
[SourceTitle "playchess.com"]
[Source "ChessBase"]
[SourceQuality "1"]

{[%evp 18,61,40,41,31,25,81,77,118,86,293,109,109,109,109,110,111,104,104,110,113,108,108,107,108,104,110,76,91,57,65,79,301,301,301,301,301,139,301,293,774,707,731,709,708,696]} 1. Nf3 e6 2. g3 d5 3. Bg2 Nf6 4. O-O b6 5. c4 Bb7 6. cxd5 exd5 7. d4 Be7 8. Bf4 O-O 9. Nc3 Ne4 10. Rc1 {[%cal Ba1c1,Bc1c3,Bc3d3,Bd3d5][%mdl 32] LiveBook: 5 Games} Nxc3 {E18: Queen's Indian: Old Main Line (4 g3 Bb7 5 Bg2 Be7 6 0-0 0-0 7 Nc3)} 11. Rxc3 c5 (11... Na6 $11) 12. dxc5 $16 bxc5 {White is better.} (12... Bxc5 13. Ne5 Na6 14. a3 f6 15. Nf3 Qd7 16. b4 Be7 17. Nd4 Rac8 18. Nc6 Bxc6 19. Rxc6 {1-0 (35) Sadzikowski,D (2500)-Przybylski,W (2378) Poznan 2015}) 13. Ne5 f6 $2 (13... Nd7 $16) 14. Nc4 $2 (14. Qb3 $18) 14... Bc6 $146 ({Predecessor:} 14... g5 15. Na5 Qxa5 16. Bxd5+ Bxd5 17. Qxd5+ Kh8 18. Qxa8 gxf4 19. gxf4 Qxa2 {1-0 (32) MacQueen,C (1976)-Dolnik,A (2196) Subotica 2007}) 15. Bxb8 Rxb8 16. Rd3 {[%cal Rg2d5]} Qc8 17. Bxd5+ Bxd5 18. Rxd5 Qa6 19. Qc2 Qxa2 20. Rd3 Rb4 21. Rc1 {[#] Hoping for Rd7.} Qa6 22. Ra3 Qb7 23. Qf5 {Threatens to win with Qe6+.} Rd8 24. Rca1 Ra8 $2 (24... Qd7 $16 {was worth a try.} 25. Qc2 Rb7) 25. Qe6+ $18 Kf8 {If only Black now had time for ...Qc8....} 26. Rd3 {Black must now prevent Rd7.} Rd8 27. Rxd8+ $40 {[%mdl 128] White goes for the king.} Bxd8 {[#]} 28. Rd1 $1 {[%cal Rd1d8]} Qe7 $2 (28... Be7 29. Rd7 Qxd7 30. Qxd7 Rxc4 31. Qxa7 Rb4 32. Qa8+ Kf7 33. Qd5+ Kf8) 29. Qc8 {White is clearly winning.} Rxc4 30. Rxd8+ Kf7 31. Rd7 {Precision: White = 68%, Black = 40%.} 1-0

[Event "FIDE WCCC U12 2018"]
[Site "Santiago de Compostela"]
[Date "2018.11.07"]
[Round "3"]
[White "Murzin, Volodar"]
[Black "Samadov, Read"]
[Result "1/2-1/2"]
[WhiteElo "2340"]
[BlackElo "2029"]
[Annotator "TA"]
[PlyCount "76"]
[EventDate "2018.11.04"]
[EventType "swiss"]
[EventCountry "ESP"]
[SourceTitle "playchess.com"]
[Source "ChessBase"]
[SourceQuality "1"]

{[%evp 18,76,1,0,18,7,12,3,27,30,31,25,31,29,38,34,33,36,39,34,35,36,44,41,46,8,37,0,24,9,25,7,18,11,35,0,0,0,-4,-15,-8,-43,-31,-27,-27,-44,-43,-41,-35,-57,-20,-22,0,0,0,0,0,0,0,0,0]} 1. e4 e6 2. d4 d5 3. Nc3 Nf6 4. e5 Nfd7 5. f4 c5 6. Nf3 Nc6 7. Be3 Be7 8. Qd2 a6 9. g3 {C11: Französische Verteidigung} (9. Bd3 b5 10. O-O b4 11. Nd1 a5 12. Qf2 c4 13. Be2 a4 14. g4 Nb6 15. Qg2 Ba6 16. f5 Qd7 {0-1 (49) Gledura,B (2621)-Nyzhnyk,I (2626) Saint Louis 2018}) 9... b5 10. a3 {LiveBook: 3 Partien} Qb6 11. Bg2 Bb7 12. Ne2 Rc8 $146 ({Vorgänger:} 12... c4 13. O-O O-O-O 14. Ng5 Bxg5 15. fxg5 Rhf8 16. Rf4 Qc7 17. Raf1 Nb6 {½-½ (95) Ciobanu,V (2196)-Stan,A (1860) Olanesti 2018}) 13. O-O O-O 14. dxc5 Bxc5 15. Ned4 Nxd4 16. Nxd4 Qc7 17. c3 Nb6 18. Bf2 Nc4 19. Qe2 Qe7 20. Rae1 Rfe8 21. h4 Rc7 22. Bh3 Bc8 23. Nb3 Bxf2+ 24. Qxf2 a5 {[%cal Ba6a5,Ba5b4][%mdl 32]} 25. Nd4 b4 26. cxb4 axb4 27. a4 b3 28. Rc1 Bd7 29. Rfe1 Ra8 30. Rc3 Rxa4 31. Rxb3 {[#] Und Tb8+ würde nun gewinnen.} Rb4 32. Rxb4 Qxb4 33. Rc1 {Droht b3 und aus.} Rc8 (33... Rb7 {looks sharper.} 34. f5 exf5 35. Bxf5 Bxf5 36. Nxf5 h6) 34. f5 {Die Stellung ist ausgeglichen.} Qxb2 35. Qxb2 Nxb2 36. Rxc8+ Bxc8 37. fxe6 fxe6 38. Bxe6+ Bxe6 {Precision: Weiß = 62%, Schwarz = 47%.} 1/2-1/2

[Event "FIDE WCCC U12 2018"]
[Site "Santiago de Compostela"]
[Date "2018.11.07"]
[Round "3"]
[White "Tugstumur, Yesuntumur"]
[Black "Tyurin, Artem"]
[Result "1-0"]
[WhiteElo "2331"]
[BlackElo "2018"]
[Annotator "TA"]
[PlyCount "99"]
[EventDate "2018.11.04"]
[EventType "swiss"]
[EventCountry "ESP"]
[SourceTitle "playchess.com"]
[Source "ChessBase"]
[SourceQuality "1"]

{[%evp 24,99,0,0,14,14,38,37,40,37,63,16,16,11,19,18,19,3,6,0,184,187,237,215,219,224,215,208,189,140,132,135,128,101,101,101,101,101,101,63,104,78,183,183,246,246,243,169,248,245,240,221,222,224,218,217,221,228,223,222,221,215,238,239,385,370,578,575,491,473,596,588,556,545,2518,1967,29973,29959]} 1. d4 Nf6 2. c4 g6 3. Nc3 d5 4. Nf3 Bg7 5. e3 O-O 6. cxd5 Nxd5 7. Bc4 Nxc3 8. bxc3 c5 9. O-O Nc6 10. Qe2 Qc7 11. Ba3 b6 {D94: Grünfeld: 4 Nf3 Bg7 5 e3} 12. Rac1 Bb7 13. Rfd1 {LiveBook: 11 Games} Rad8 $146 {The position is equal.} ({Predecessor:} 13... e6 14. e4 Rfd8 15. Qe3 Na5 16. Bd3 Rac8 17. h4 Qc6 18. Qf4 Qa4 19. Bb2 Qxa2 {½-½ (29) Hjartarson,J (2534)-Sulypa,O (2482) Reykjavik 2018}) 14. e4 Qb8 {[%cal Rc5d4]} 15. dxc5 Rxd1+ 16. Rxd1 bxc5 17. Qe3 Ne5 18. Nxe5 Bxe5 19. g3 ({Much weaker is} 19. Qxc5 Bxh2+ 20. Kf1 Bd6 $15) 19... Qc7 20. Rb1 Rc8 21. Rb5 {[%cal Rb5c5]} Bd6 $2 {[#]} (21... Bc6 $1 $11 {and Black stays safe.} 22. Rb2 (22. Rxc5 Bd6 $17) 22... e6) 22. e5 $1 $36 {[%mdl 2048] White is in control.} Qc6 {[%csl Gb7][%cal Rc6h1]} 23. Rxb7 $1 Qxb7 24. exd6 exd6 25. Qd2 Re8 26. Bd5 ({Worse is} 26. Qxd6 Re1+ 27. Bf1 Qb5 $17) 26... Qa6 27. Bc1 {c4 is the strong threat.} Qe2 28. Qxe2 Rxe2 29. Bf4 Rc2 30. Bxd6 Rxc3 {[#] And now ...Rd3 would win.} 31. Bb8 a5 32. Kf1 Kf8 (32... c4 $16 {was called for.}) 33. Ke1 Rd3 (33... c4 $142 34. Bc7 Rc2 35. Bxa5 Rxa2) 34. Bb3 Ke7 35. Ke2 Rd7 (35... Rd4 $142) 36. Be5 Ra7 37. a4 Rb7 38. Bc2 Ke6 39. Bc3 Ra7 40. Kd3 Kd5 41. Bb3+ Kc6 42. g4 h6 43. h4 h5 (43... Rd7+ {was necessary.} 44. Ke3 Re7+ 45. Kf3 Kb6) 44. gxh5 {Threatens to win with h6.} gxh5 (44... Rd7+ {is a better defense.} 45. Ke4 Re7+ 46. Kf4 gxh5) 45. Bd1 Rd7+ 46. Kc2 Kd5 47. Bxh5 Re7 48. Bf3+ Kc4 49. h5 Re6 50. Bg7 {Precision: White = 83%, Black = 44%.} 1-0

[Event "FIDE WCCC U12 2018"]
[Site "Santiago de Compostela"]
[Date "2018.11.07"]
[Round "3"]
[White "Lazavik, Denis"]
[Black "Sahakyan, Aleks"]
[Result "1-0"]
[WhiteElo "2235"]
[BlackElo "1951"]
[Annotator "TA"]
[PlyCount "119"]
[EventDate "2018.11.04"]
[EventType "swiss"]
[EventCountry "ESP"]
[SourceTitle "playchess.com"]
[Source "ChessBase"]
[SourceQuality "1"]

{[%evp 22,119,0,0,24,1,1,6,14,-2,0,-28,2,0,67,-20,41,-9,48,-7,95,0,67,51,114,106,109,48,48,0,0,0,0,-32,-12,-19,-5,-61,0,-38,-32,-35,75,78,72,72,145,135,154,156,145,118,102,21,45,33,43,34,52,0,235,225,272,273,233,258,260,174,197,190,182,180,190,155,299,259,211,243,344,338,602,610,582,572,5352,579,549,579,562,554,1047,962,2127,1806,29986,29985,29992,29993,29994,29995]} 1. d4 Nf6 2. c4 e6 3. Nf3 b6 4. a3 Bb7 5. Nc3 d5 6. Bg5 Be7 7. Qa4+ Nbd7 {E12: Queen's Indian: Unusual White 4th moves, 4 a3, 4 Nc3 Bb7 5 a3 and 4 Nc3 Bb7} (7... c6 8. Bxf6 Bxf6 9. cxd5 exd5 10. g3 O-O 11. Bg2 Re8 12. O-O Na6 13. Rad1 Nc7 14. Rfe1 g6 15. e4 Bg7 16. exd5 cxd5 17. Ne5 Qd6 18. Re3 a6 19. Rde1 Rad8 20. h4 {½-½ (42) Parligras,M (2623)-Eljanov,P (2703) Batumi 2018}) 8. Bxf6 Bxf6 9. cxd5 exd5 10. g3 O-O 11. Bh3 Nb8 12. O-O {LiveBook: 8 Games} Qe7 $146 ({Predecessor:} 12... c5 13. Rfd1 Na6 14. Bg2 Qe7 15. Rac1 {½-½ (28) Weber,K (2238)-Mehlhorn,U (2218) GER email 2002}) 13. Rac1 c5 14. Rfd1 Rd8 15. Bg2 Na6 16. Qb3 Rac8 17. e3 c4 (17... Qe8 $11) 18. Qc2 (18. Qa4 $14) 18... g6 (18... Bc6 $11) 19. Nd2 Bg7 ({Better is} 19... Bc6 $11) 20. h4 (20. b3 $14) 20... f5 {[#]} (20... Bc6 $11) 21. h5 (21. b3 $1 $16) 21... Qf7 (21... Bc6 $11) 22. Nf3 Re8 (22... Qe7 $14) 23. hxg6 hxg6 24. Ng5 (24. b3 $16) 24... Qd7 25. Nh3 Nc7 26. Nf4 g5 27. Nfe2 Qf7 28. a4 Ba6 29. Na2 ({White should play} 29. Kh2 $11) 29... Qd7 (29... Re6 $15) 30. Nb4 Bb7 31. Na2 b5 (31... Bh6 $15 {stays ahead.}) 32. axb5 $16 Nxb5 33. Nac3 Rf8 {[#]} (33... Nxc3 $142 34. Nxc3 a5) 34. Nxb5 $1 Qxb5 35. Ra1 a6 36. Nc3 $36 {[%mdl 2048] Keeping Black busy.} Qd7 37. Qa4 (37. Na4 $16) 37... Qd6 {next ...f4 is good for Black.} 38. Qa5 {[%cal Rg2d5]} Rfd8 39. Ne2 Bf8 40. Qa2 (40. Qd2 $14) 40... Qb4 $2 (40... Qd7 $11) 41. Qb1 $18 Be7 42. Qxf5 Rd6 43. Nc3 Rcd8 44. Qc2 Kg7 45. Rdb1 Rb6 46. Na4 Rb5 47. Qf5 {Threatens to win with Nc3.} Ra5 (47... Qd6 $16 48. Nc3 Rb6) 48. Nc5 Rxc5 49. dxc5 Bf6 (49... Qxc5 $142 50. Qc2 Bf6) 50. c6 Bxc6 $2 (50... Bc8 51. Qc2 Qc5) 51. Rxa6 Qb7 52. Rba1 Qf7 53. Ra7 (53. Rxc6 $142 Be7 54. Qxf7+ Kxf7 55. Ra7) 53... Rd7 54. Rxd7 Bxd7 55. Qxd5 Be6 56. Qc5 Kh6 57. Ra6 Bg4 58. Bd5 {White mates.} Qg6 59. Qf8+ Kh5 60. Bf7 {Precision: White = 40%, Black = 22%.} 1-0

[Event "FIDE WCCC U12 2018"]
[Site "Santiago de Compostela"]
[Date "2018.11.07"]
[Round "3"]
[White "Chasin, Nico"]
[Black "Ristic, Luka"]
[Result "1-0"]
[WhiteElo "2189"]
[BlackElo "1897"]
[Annotator "TA"]
[PlyCount "79"]
[EventDate "2018.11.04"]
[EventType "swiss"]
[EventCountry "ESP"]
[SourceTitle "playchess.com"]
[Source "ChessBase"]
[SourceQuality "1"]

{[%evp 14,79,31,37,28,33,40,20,25,19,37,35,42,37,39,38,27,9,30,11,14,21,6,-21,-12,-15,-12,-8,0,-2,0,0,0,-6,81,85,68,61,74,32,58,53,104,102,188,173,177,183,180,185,176,153,247,247,278,268,340,333,612,584,785,752,1037,1037,1036,1036,991,965]} 1. d4 Nf6 2. Nc3 c5 3. d5 e6 4. e4 exd5 5. exd5 d6 6. Nf3 Be7 7. Bb5+ Nbd7 {A43: Schmid Benoni} 8. a4 {LiveBook: 29 Games} a6 (8... O-O 9. O-O a6 10. Be2 Re8 11. Nd2 Nb6 12. Bf3 Bf8 {1-0 (25) Bogner,S (2586)-Plaskett,H (2455) Lorca 2017}) 9. Be2 O-O {White is slightly better.} 10. h3 Re8 11. Bf4 Nf8 12. O-O Ng6 13. Bh2 Bf8 $146 ({Predecessor:} 13... b6 14. Nd2 Bf8 15. Nc4 {1-0 (49) Weber,D (2269)-Kucera,T (1993) Klatovy 2017}) 14. Bd3 Qc7 15. b3 Bd7 16. a5 Ne7 17. Bc4 g6 18. Na4 Bg7 19. Nb6 Rad8 20. Nxd7 Qxd7 21. Qd3 Qf5 22. Qxf5 Nxf5 23. g4 Nd4 (23... Ne7 $1 $11) 24. Nxd4 $16 cxd4 25. Rfe1 Nd7 26. Rad1 Ne5 {[#] Hoping for ...Nf3+.} 27. Kg2 g5 ({Better is} 27... Rf8 $14) 28. Rxd4 Nf3 (28... Ng6 $16 29. Rxe8+ Rxe8) 29. Rxe8+ $18 Rxe8 30. Kxf3 Bxd4 31. Bxd6 {[%mdl 4096] Endgame KRB-KB} Be5 32. Bc5 ({And not} 32. Bxe5 Rxe5 33. d6 Kf8 $11) 32... Kg7 (32... Bc7 $16 33. b4 Be5) 33. Bd3 Kf6 34. c4 Bc3 35. Bb6 (35. Bxh7 Rh8 $16) 35... Bb4 $2 {[#]} (35... Ke5 36. Bc7+ (36. Bxh7 Kd6 $16) 36... Kd4) 36. c5 {White is clearly winning.} Rc8 37. d6 Rxc5 38. d7 Rd5 39. d8=Q+ Rxd8 40. Bxd8+ {Precision: White = 69%, Black = 26%.} 1-0

[Event "FIDE WCCC U12 2018"]
[Site "Santiago de Compostela"]
[Date "2018.11.07"]
[Round "3"]
[White "Grebnev, Aleksey"]
[Black "Wu, Eric"]
[Result "0-1"]
[WhiteElo "2151"]
[BlackElo "1753"]
[Annotator "TA"]
[PlyCount "100"]
[EventDate "2018.11.04"]
[EventType "swiss"]
[EventCountry "ESP"]
[SourceTitle "playchess.com"]
[Source "ChessBase"]
[SourceQuality "1"]

{[%evp 20,100,52,62,314,156,156,81,107,0,0,0,0,-1,26,-11,10,-37,-53,-39,13,-40,6,0,139,145,129,-11,-31,-210,-203,-216,-217,-218,-208,-197,-204,-281,-279,-309,-258,-328,-317,-363,-339,-352,-351,-345,-324,-343,-343,-350,-330,-337,-302,-644,-614,-783,-752,-668,-411,-487,-362,-855,-577,-556,-539,-657,-652,-926,-922,-907,-918,-829,-544,-591,-591,-766,-572,-929,-928,-1045,-973]} 1. e4 c5 2. Nf3 e6 3. d4 cxd4 4. Nxd4 a6 5. Bd3 Nf6 6. Nc3 d6 7. Be3 Be7 8. f4 O-O 9. Qf3 Qc7 10. O-O-O b5 11. g4 {[%cal Bg2g4,Bg4g5][%mdl 32]} Rd8 $146 {[%mdl 8192] B82: Sicilian Scheveningen: 6 f4} (11... b4 $14 12. Nce2 d5) ({Predecessor:} 11... Bb7 12. g5 Nfd7 13. h4 Nc5 14. Kb1 Nxd3 15. cxd3 Nc6 16. Nce2 Nxd4 17. Nxd4 e5 18. Nf5 Qd7 19. Qh3 Qe6 20. h5 d5 21. g6 Bf6 22. h6 fxg6 23. hxg7 {1-0 (23) Kalliwoda,E (1873)-Von Angern,C Blankenburg 2013}) 12. g5 $18 Nfd7 {[%cal Bf6d7,Bd7c5,Bc5d3][%mdl 32] [#]} 13. Rhg1 ({White should try} 13. e5 $1) 13... Nc5 {White is better.} 14. Rg3 (14. a3 $16) 14... b4 $11 15. Nce2 Nxd3+ 16. Rxd3 Nd7 {And now ...Nc5 would win.} 17. Rh3 Nf8 18. f5 {Strongly threatening f6.} e5 19. Nb3 a5 $1 {[%cal Ra5a4] Threatens to win with ...a4.} 20. f6 (20. Kb1 $11) 20... Bxh3 21. fxe7 {[#]} Rdc8 (21... Rac8 $1 $11 {[%mdl 512] keeps the balance.} 22. c3 Qxe7 23. Qxh3 Qb7) 22. exf8=Q+ Kxf8 {[%csl Gc8][%cal Rc7c2]} 23. Na1 (23. Nc5 $1 $16) 23... Be6 $40 {[%mdl 128] ...Qc4 is the strong threat. Black attacks.} 24. Kd1 $2 (24. Kb1 $15) 24... Bxa2 $19 25. Ke1 Bc4 26. Rd1 Be6 27. h4 Qd7 28. Qf2 Bg4 29. Qg3 Qe6 30. Rd2 a4 31. b3 axb3 32. Nxb3 Ra2 33. Nec1 Raxc2 34. Rxc2 Rxc2 35. Bd2 Rc4 36. Qd3 Bh5 37. Na2 $2 (37. Ne2) 37... Bg6 38. Be3 Bxe4 39. Qd2 Rc2 40. Qxb4 Rxa2 41. Qb8+ $2 (41. Nc1 Rh2 42. Qxe4) 41... Qe8 {Black is clearly winning.} 42. Qxd6+ Kg8 43. Nc5 Bg6 {White must now prevent ...Bh5.} 44. Bd2 Qa8 45. Kf2 Bh5 46. Ne4 Qc8 {( -> ...Qf5+)} 47. Ng3 Bg4 48. h5 Qf8 49. Qd3 Qc5+ 50. Kg2 Qd4 {Precision: White = 31%, Black = 59%.} 0-1

[Event "FIDE WCCC U12 2018"]
[Site "Santiago de Compostela"]
[Date "2018.11.07"]
[Round "3"]
[White "Chyzy, Jakub"]
[Black "Ohanyan, Emin"]
[Result "0-1"]
[WhiteElo "2136"]
[BlackElo "1742"]
[Annotator "TA"]
[PlyCount "80"]
[EventDate "2018.11.04"]
[EventType "swiss"]
[EventCountry "ESP"]
[SourceTitle "playchess.com"]
[Source "ChessBase"]
[SourceQuality "1"]

{[%evp 13,80,21,64,57,45,43,55,45,59,54,83,49,63,51,54,30,62,52,54,51,45,32,41,0,70,-49,-59,-43,0,0,0,0,0,0,0,-510,0,0,0,0,0,-5,7,0,109,101,108,94,131,34,106,-368,-335,-447,-424,-410,-151,-589,-592,-592,-589,-589,-578,-550,-569,-568,-555,-550,-547]} 1. e4 e6 2. d4 d5 3. e5 c5 4. c3 Qb6 5. Nf3 Nc6 6. Bd3 Bd7 7. dxc5 {C02: French: Advance Variation} (7. O-O cxd4 8. cxd4 Nxd4 9. Nbd2 Nxf3+ 10. Nxf3 h6 11. Be3 Bc5 12. Bxc5 Qxc5 13. b4 Qxb4 14. Rb1 Qa5 15. Nd4 Qc7 16. Qg4 Kf8 17. f4 {0-1 (34) Escalante Ramirez,B (2436)-Firouzja,A (2582) Manavgat 2018}) 7... Qc7 {LiveBook: 3 Games} 8. O-O Nxe5 9. Nxe5 {White is slightly better.} Qxe5 10. Re1 Qc7 11. b4 Nf6 $146 ({Predecessor:} 11... b6 12. Qf3 Nf6 13. c4 Qc6 14. Nc3 dxc4 {1-0 (26) Eilmes,D (2321)-Torgersen,T (2064) ICCF email 2006}) 12. Qf3 Be7 13. Bf4 Qc8 14. Be5 O-O 15. Nd2 b6 16. Qh3 (16. Bxf6 Bxf6 17. Nb3 e5 $15) 16... h6 17. cxb6 axb6 18. Re3 Nh7 (18... Qe8 $11) 19. Rg3 (19. f4 $14 Nf6 20. a3) 19... Ng5 $15 20. Qh5 f6 (20... Be8 $5 {[%cal Rf7f6]} 21. Qe2 f6 $11) 21. Rxg5 fxg5 {[#]} 22. Bxg7 $1 $40 {[%mdl 640] Intending Qg6 and mate. White attacks.} Bf6 (22... Kxg7 23. Qg6+) 23. Bh7+ {[%cal Bd3h7,Bh7g8,Bg8f7,Bf7e6][%mdl 32]} Kxg7 24. Qg6+ $1 Kh8 {[#]} 25. Bg8 $1 {[%csl Gg8][%cal Rg6h7][%mdl 512]} Rf7 $1 (25... Rxg8 26. Qxh6#) 26. Bxf7 {[%cal Rg6h6]} Bg7 27. c4 Qf8 28. Rf1 Ra7 ({Reject} 28... Qxb4 $6 29. Nf3 $16) (28... Rxa2 $11 29. Nf3 dxc4) 29. Bxe6 $16 Be8 30. Qd3 Qxb4 31. cxd5 ({White should play} 31. Bxd5 $16 Rxa2 32. Nf3) 31... Rxa2 ({Black should try} 31... Bb5 $1 $14 32. Qb1 Qxb1 33. Rxb1 Rxa2) 32. Qc4 $2 {[%mdl 8192]} (32. Rd1 $16 {stays on course. Threatens to win with d6.} Qa4 33. Qe2) 32... Qxd2 $19 33. d6 (33. Qc8 {[#] is a self mate.} Qxf2+ $1 {[%mdl 512]} 34. Rxf2 Ra1+ 35. Qc1 Rxc1+ 36. Rf1 Bd4+ 37. Kh1 Rxf1#) 33... Rc2 34. Qe4 {d7! is the strong threat.} Rc1 $2 (34... Bc6 $19 {and Black stays clearly on top.} 35. Qf5 Rc1) 35. d7 $2 (35. Bc4 $17 {nothing else works.} Rxc4 36. Qxc4 Qxd6 37. Qe2) 35... Rxf1+ {Black is clearly winning.} 36. Kxf1 Qd1+ 37. Qe1 Qd3+ 38. Qe2 Qb1+ 39. Qe1 Qb5+ 40. Qe2 Bxd7 {Precision: White = 44%, Black = 36%.} 0-1

[Event "FIDE WCCC U12 2018"]
[Site "Santiago de Compostela"]
[Date "2018.11.07"]
[Round "3"]
[White "Maurizzi, Marc Andria"]
[Black "Yavuz, Efe Metehan"]
[Result "1/2-1/2"]
[WhiteElo "2103"]
[BlackElo "1828"]
[Annotator "TA"]
[PlyCount "100"]
[EventDate "2018.11.04"]
[EventType "swiss"]
[EventCountry "ESP"]
[SourceTitle "playchess.com"]
[Source "ChessBase"]
[SourceQuality "1"]

{[%evp 21,100,18,37,2,39,37,39,34,58,53,62,50,52,50,49,47,47,54,64,59,113,46,46,45,46,47,75,72,60,70,81,85,149,98,129,108,277,275,250,244,307,95,102,66,63,52,52,52,52,52,52,52,52,52,96,96,96,75,75,75,96,96,96,96,96,96,96,96,112,93,93,93,96,96,96,96,96,96,96,96,96]} 1. e4 e5 2. Nf3 Nf6 3. Nxe5 d6 4. Nf3 Nxe4 5. Nc3 Nxc3 6. dxc3 Be7 7. Be3 O-O 8. Qd2 Nc6 {[%cal Bb8c6,Bc6e5,Be5c4][%mdl 32]} 9. O-O-O Be6 10. Kb1 Ne5 11. Nd4 {C42: Petroff Defence: 3 Nxe5 and unusual White 3rd moves} Nc4 {LiveBook: 7 Games} (11... Bd7 12. f4 Ng4 13. Bd3 Re8 14. Rhe1 Bh4 15. g3 Nxe3 16. Rxe3 Bf6 17. Rxe8+ Qxe8 18. h3 c5 {½-½ (53) Naiditsch,A (2715)-Fridman,D (2633) Baden-Baden 2014}) 12. Qe1 Qd7 $146 ({Predecessor:} 12... Bd5 13. Nf5 Be6 14. Bxc4 Bxc4 15. Bd4 Bf6 16. Qe3 Be6 17. Qf3 Bxd4 18. Nxd4 b6 {½-½ (18) Mercadal Benejam,J (2412)-Boldysh,M (2426) ICCF email 2006}) 13. Nxe6 {White is slightly better.} Qxe6 14. Bc1 {[#] Strongly threatening Qxe6.} Nb6 15. Qxe6 fxe6 16. f4 Rae8 17. g3 Bf6 18. Bg2 d5 19. Be3 Nc4 20. Bc5 Rf7 {[#]} (20... Nd6 $14) 21. f5 ({And not} 21. Bxa7 b6 $15) (21. Rhe1 $1 $16 {Threatens to win with Bxd5!} c6 22. b3 Bxc3 23. bxc4 Bxe1 24. Rxe1) 21... c6 $14 22. fxe6 Rxe6 23. Rhe1 $40 {[%mdl 128] White attacks.} Nd2+ 24. Ka1 Rxe1 25. Rxe1 {Re8+ would kill now.} Ne4 26. Bxa7 h6 (26... Rf8 $142) 27. a3 (27. c4 $142) 27... Nd6 28. Bh3 {Black must now prevent Be6.} Nb5 $2 (28... Rf8 $16 29. Be6+ Kh7) 29. Bc5 $18 b6 30. Bxb6 Rb7 31. Ba5 $2 (31. Bc5 $18 {and White stays clearly on top.}) 31... Nxa3 $16 32. bxa3 Rb5 $1 33. Bb4 (33. Ka2 {is interesting.} Rxa5 34. Bd7 Bxc3 35. Re8+ Kf7 36. Bxc6 Rc5 37. Ba4) 33... Rxb4 $1 34. axb4 Bxc3+ 35. Ka2 Bxe1 $14 {[%mdl 4096] Endgame KB-KB} 36. Kb3 Kf7 37. Bd7 c5 38. bxc5 {White is better.} Ke7 39. Bf5 Kd8 40. Be6 Kc7 41. Bxd5 Bf2 42. Kc4 Bg1 43. h3 Bf2 44. g4 Be3 45. c6 Bd2 46. Kd3 Bg5 47. Ke4 Bf6 48. Kf5 Bc3 49. Ke6 Bd4 50. Kf7 Bc3 {Precision: White = 60%, Black = 51%.} 1/2-1/2